| 000 | 00834nam a2200277Ia 4500 | ||
|---|---|---|---|
| 003 | OSt | ||
| 005 | 20240829113155.0 | ||
| 008 | 210329s9999||||xx |||||||||||||| ||und|| | ||
| 020 | _a81875900804 | ||
| 040 | _cSTCPL | ||
| 041 | _aMAL | ||
| 041 | _hMAL | ||
| 082 |
_aM07 _bVIS-K |
||
| 100 |
_aVishnu Namboodiri, M V _qഎം വി വിഷ്ണുനമ്പൂതിരി |
||
| 245 | 0 |
_aKeralathile nadansangeetham / _cby M V Vishnu Namboodiri _hകേരളത്തിലെ നാടന്സംഗീതം |
|
| 260 |
_aKariavattom : _bInternational Centre For Kerala Studies , _c2005 . |
||
| 300 |
_a229 p. _bPB |
||
| 650 | _aMalayalam poems | ||
| 650 | _aFolk songs | ||
| 650 | _aFolk music | ||
| 650 | _aFolklore | ||
| 650 | _aMalayalam study | ||
| 650 | _aKerala folklore | ||
| 942 | _cBK | ||
| 942 | _2ddc | ||
| 999 |
_c65705 _d65705 |
||